000 00309nam a2200133 i 4500
001 bg
100 1 _aKONCZ, T.
245 0 _aHandbuch der fertigteil-Baumweise /
_cT. Koncz. Bd.2.
260 _aWiesbaden,
_c1967.
040 _cBPK
041 _apol
942 _cKS
008 s pl f |000 0 pol
999 _c8402
_d8402
856 _uhttp://koha.tu.koszalin.pl/cgi-bin/koha/opac-detail.pl?biblionumber=8402
_yKatalog online BPK